LEADER 01017nam a2200241 i 4500 001 000000251381 003 CaOOAMICUS 005 20161110000000.0 008 161110s1983 it u000 u eng u 013 $a230286 020 $a0-486-24563-2 040 $aSeMil$bita 100 1 $aBeethoven, Ludwig : van <1770-1827>.$0(OLS)http://semarc/name/47425 245 10$aComplete piano concertos :$bin full score /$cLudwig van Beethoven. 260 $aNew York :$bDover Publications,$c1983. 300 $a1 partitura (377 p.) ;$c31 cm. 650 4$aBeethoven, Ludwig : van <1770-1827> - Opere.$0(OLS)http://semarc/subject/16171 850 $aSeMil 852 $aSeMil$W1$xVenegono$y1$m3Q VI 69$j201727$B201727$CSeMilBibl$Z2$F214030 $81 961 $aOmaggio: Colombo don Alberto 996 $6020$a0-486-24563-2$9(OLS)http://semarc/number/262249 996 $6245$aComplete piano concertos :$bin full score$9(OLS)http://semarc/title/353579 996 $6260$aNew York :$bDover Publications$9(OLS)http://semarc/publisher/36227 LEADER 00849nas a2200229 i 4500 001 000000240243 003 CaOOAMICUS 005 20150326000000.0 008 150326b1825 xx uu u0 0lat r 013 $a219148 040 $aSeMil$bita 245 10$a1825. 260 $aMilano :$bAgnelli Jacobus Impress. Archiep.,$c1825. 300 $a39 p. ;$c20 cm. 500 $aFondo card. C. M. Martini. 773 0 $tCalendarium Ambrosianum.$dMediolani : Typis Galeatium & filios impressores archiepiscopales, 1800-1969.$w()2075 850 $aSeMil 852 $aSeMil$W1$xVenegono$y1$m203 4 1/26$j190589$B190589$CSeMilBibl$Z2$F201440 $85 941 1 $a4 961 $aLascito: Martini Card. Carlo Maria 996 $6245$a1825$9(OLS)http://semarc/title/341806 996 $6260$aMilano :$bAgnelli Jacobus Impress. Archiep.$9(OLS)http://semarc/publisher/44629